[Event "TUR Cup"]
[Site "Denizli"]
[Date "2023.07.16"]
[Round "1"]
[White "Dedebas, Emre Emin"]
[Black "Capraz, Arda"]
[Result "1-0"]
[WhiteElo "2305"]
[BlackElo "1398"]
[PlyCount "97"]
[EventDate "2023.07.16"]
[EventType "team-tourn"]
[EventRounds "9"]
[EventCountry "TUR"]
[SourceTitle "CBM 215 Extra"]
[Source "ChessBase"]
[SourceDate "2023.09.30"]
[SourceVersion "1"]
[SourceVersionDate "2023.09.30"]
[SourceQuality "1"]

1. d4 d5 2. c4 c6 3. Nf3 Nf6 4. Nbd2 g6 5. g3 Bg7 6. Bg2 0-0 7. 0-0 Ne4 8. e3 f5 9. b3 e6 10. Bb2 Nd7 11. b4 a5 12. a3 a4 13. Rc1 Qe7 14. Re1 g5 15. Ne5 Nxd2 16. Qxd2 Nxe5 17. dxe5 f4 18. Bd4 Qf7 19. Bc5 Re8 20. exf4 gxf4 21. Rc3 Bf8 22. Bxf8 Rxf8 23. Rf3 Bd7 24. Rxf4 Qg6 25. Rh4 Rf5 26. Bh3 Rg5 27. cxd5 cxd5 28. Rc1 Rf8 29. Rc7 Rf7 30. Rxd7 Rxd7 31. Bxe6+ Qxe6 32. Qxg5+ Qg6 33. Qc1 Qc6 34. Rg4+ Kf8 35. Qg5 Qe6 36. Rf4+ Rf7 37. Qd8+ Kg7 38. Rxf7+ Kxf7 39. Qc7+ Kg6 40. Qd6 Kf5 41. Qxe6+ Kxe6 42. f4 d4 43. Kf2 Kd5 44. Ke2 Kc4 45. e6 Kb3 46. Kd3 Kxa3 47. e7 Kb2 48. e8Q a3 49. Qe2+ 1-0

[Event "Dortmund Sparkassen op 50th"]
[Site "Dortmund"]
[Date "2023.06.27"]
[Round "4"]
[White "Raja, Rithvik R"]
[Black "Dedebas, Emre Emin"]
[Result "1-0"]
[WhiteElo "2488"]
[BlackElo "2305"]
[PlyCount "55"]
[EventDate "2023.06.24"]
[EventType "swiss"]
[EventRounds "9"]
[EventCountry "GER"]
[SourceTitle "CBM 215 Extra"]
[Source "ChessBase"]
[SourceDate "2023.09.30"]
[SourceVersion "1"]
[SourceVersionDate "2023.09.30"]
[SourceQuality "1"]

1. d4 d5 2. c4 dxc4 3. Nf3 c5 4. e3 cxd4 5. Bxc4 Qc7 6. Bb3 dxe3 7. Bxe3 Nf6 8. Nc3 e6 9. 0-0 Nc6 10. Nb5 Qa5 11. Nfd4 Bd7 12. Bf4 Rc8 13. Rc1 Be7 14. Nd6+ Bxd6 15. Bxd6 Ne4 16. Ba3 Qd2 17. Bxe6 fxe6 18. Qh5+ g6 19. Qh4 Qxd4 20. Rxc6 Qf6 21. Rxc8+ Bxc8 22. Qxe4 Kf7 23. Rc1 Rd8 24. h3 Kg8 25. Rc7 e5 26. Be7 Rd1+ 27. Kh2 Qe6 28. Qc2 1-0

[Event "Balikesir Krizantem Gp"]
[Site "Balikesir"]
[Date "2022.12.16"]
[Round "3.5"]
[White "Dedebas, Emre Emin"]
[Black "Dronjic, Sinisa"]
[Result "1-0"]
[WhiteElo "2312"]
[BlackElo "1881"]
[PlyCount "65"]
[EventDate "2022.12.15"]
[EventType "team-schev"]
[EventRounds "9"]
[EventCountry "TUR"]
[SourceTitle "CBM 212 Extra"]
[Source "ChessBase"]
[SourceDate "2023.03.31"]
[SourceVersion "1"]
[SourceVersionDate "2023.03.31"]
[SourceQuality "1"]
[WhiteTeam "Team A"]
[BlackTeam "Team D"]
[WhiteTeamCountry "TUR"]
[BlackTeamCountry "TUN"]

1. d4 d5 2. c4 e6 3. Nf3 Nf6 4. g3 Be7 5. Bg2 0-0 6. 0-0 c5 7. cxd5 exd5 8. dxc5 Bxc5 9. a3 Ne4 10. b4 Be7 11. Bb2 Bf6 12. Bxf6 Qxf6 13. Qd4 Nc6 14. Qxf6 Nxf6 15. Nc3 Re8 16. Rfd1 Bg4 17. h3 Be6 18. Nb5 Rad8 19. Rac1 a6 20. Nc7 Re7 21. Nxa6 Ra8 22. b5 Nd8 23. Nb4 Rxa3 24. e4 Rb3 25. Nxd5 Bxd5 26. Nd4 Rb4 27. exd5 Rd7 28. Rc8 Kf8 29. Nc6 bxc6 30. bxc6 Rd6 31. c7 Ke7 32. Re1+ Ne6 33. Re8+ 1-0

[Event "Ankara Baskent Univ op-A 5th"]
[Site "Ankara"]
[Date "2022.07.03"]
[Round "3"]
[White "Ipek, Egehan"]
[Black "Dedebas, Emre Emin"]
[Result "1/2-1/2"]
[WhiteElo "2196"]
[BlackElo "2321"]
[PlyCount "72"]
[EventDate "2022.07.02"]
[EventType "swiss"]
[EventRounds "9"]
[EventCountry "TUR"]
[SourceTitle "CBM 209 Extra"]
[Source "ChessBase"]
[SourceDate "2022.09.30"]
[SourceVersion "1"]
[SourceVersionDate "2022.09.30"]
[SourceQuality "1"]

1. Nf3 Nf6 2. c4 e6 3. g3 d5 4. Bg2 Be7 5. 0-0 0-0 6. d4 c6 7. Nc3 Nbd7 8. b3 b6 9. Bb2 Ba6 10. Qd3 Rc8 11. Rfd1 Ne8 12. Rac1 Nd6 13. Nd2 c5 14. Nb5 Bxb5 15. cxb5 Bf6 16. e3 Rc7 17. Ba3 Qb8 18. Rc2 Rfc8 19. Rdc1 Be7 20. Bf1 Bf8 21. Bb2 Be7 22. a4 Bf6 23. Bg2 g6 24. Ba3 Nf5 25. Bh3 cxd4 26. Rxc7 Rxc7 27. Rxc7 Qxc7 28. Bxf5 dxe3 29. Bxe6 exd2 30. Bxd7 Qc3 31. Qxd5 Qa1+ 32. Kg2 Qxa3 33. Qxd2 Qxb3 34. Qf4 Kg7 35. Bc6 h5 36. h4 Qa2 1/2-1/2

[Event "Ankara Baskent Univ op-A 5th"]
[Site "Ankara"]
[Date "2022.07.02"]
[Round "1"]
[White "Ozturk, Efe Hakan"]
[Black "Dedebas, Emre Emin"]
[Result "1/2-1/2"]
[WhiteElo "2115"]
[BlackElo "2321"]
[PlyCount "30"]
[EventDate "2022.07.02"]
[EventType "swiss"]
[EventRounds "9"]
[EventCountry "TUR"]
[SourceTitle "CBM 209 Extra"]
[Source "ChessBase"]
[SourceDate "2022.09.30"]
[SourceVersion "1"]
[SourceVersionDate "2022.09.30"]
[SourceQuality "1"]

1. d4 Nf6 2. c4 b6 3. Nf3 Bb7 4. g3 c5 5. Bg2 cxd4 6. Qxd4 Nc6 7. Qf4 Nb4 8. Na3 e6 9. 0-0 a6 10. b3 Be7 11. Bb2 0-0 12. Rfc1 Rc8 13. Nc2 Nxc2 14. Rxc2 b5 15. Rac1 bxc4 1/2-1/2

[Event "EU-Cup Online Gr-E"]
[Site "Tornelo INT"]
[Date "2021.03.28"]
[Round "7.1"]
[White "Dedebas, Emre Emin"]
[Black "Guseinov, Gadir"]
[Result "1/2-1/2"]
[WhiteElo "2335"]
[BlackElo "2665"]
[PlyCount "102"]
[EventDate "2021.03.27"]
[EventType "team-tourn (rapid)"]
[EventRounds "9"]
[EventCountry "NET"]
[SourceTitle "CBM 201 Extra"]
[Source "ChessBase"]
[SourceDate "2021.05.31"]
[SourceVersion "1"]
[SourceVersionDate "2021.05.31"]
[SourceQuality "1"]
[WhiteTeam "Anatolia White"]
[BlackTeam "Odlar Yurdu"]
[WhiteTeamCountry "TUR"]
[BlackTeamCountry "AZE"]

1. d4 Nf6 2. Bf4 g6 3. Nc3 d5 4. e3 Bg7 5. h4 h5 6. Nf3 0-0 7. Ne5 c5 8. Qd2 Nc6 9. dxc5 Qa5 10. Nxc6 bxc6 11. Be5 Bf5 12. Bd3 Bxd3 13. cxd3 Qxc5 14. 0-0 Ng4 15. d4 Qa5 16. Bxg7 Kxg7 17. Rac1 Rac8 18. a3 Kh7 19. Ne4 Qc7 20. Ng5+ Kg8 21. g3 e5 22. Rc5 Qd7 23. Rfc1 f6 24. Nf3 e4 25. Ne1 Nh6 26. Kh2 g5 27. Ng2 Ng4+ 28. Kg1 Nh6 29. Kh2 Nf5 30. Qc2 Ne7 31. Qe2 Qe8 32. b4 Rb8 33. Ra5 Rb7 34. Rac5 Kg7 35. Qa6 Qd7 36. Qe2 Rh8 37. Rb1 Ng6 38. b5 cxb5 39. Rbxb5 Ne7 40. Rxb7 Qxb7 41. Qb5 Rb8 42. Qe2 Kg6 43. Qc2 Qb2 44. Ne1 Qa1 45. Ng2 Rb2 46. Qa4 Rb8 47. Qd7 Rb1 48. Qe8+ Kf5 49. Qd7+ Kg6 50. Qe8+ Kf5 51. Qd7+ Kg6 1/2-1/2

[Event "EU-Cup Online Gr-E"]
[Site "Tornelo INT"]
[Date "2021.03.28"]
[Round "8.1"]
[White "Oparin, Grigoriy"]
[Black "Dedebas, Emre Emin"]
[Result "1/2-1/2"]
[WhiteElo "2652"]
[BlackElo "2335"]
[PlyCount "60"]
[EventDate "2021.03.27"]
[EventType "team-tourn (rapid)"]
[EventRounds "9"]
[EventCountry "NET"]
[SourceTitle "CBM 201 Extra"]
[Source "ChessBase"]
[SourceDate "2021.05.31"]
[SourceVersion "1"]
[SourceVersionDate "2021.05.31"]
[SourceQuality "1"]
[WhiteTeam "Asnieres"]
[BlackTeam "Anatolia White"]
[WhiteTeamCountry "FRA"]
[BlackTeamCountry "TUR"]

1. d4 d5 2. c4 dxc4 3. Nf3 c5 4. e3 cxd4 5. exd4 Be6 6. Nc3 Nf6 7. Bg5 Nd5 8. Be2 Nc6 9. 0-0 h6 10. Bd2 Nxc3 11. bxc3 Bd5 12. Bf4 e6 13. Nd2 b5 14. a4 a6 15. Qb1 b4 16. Nxc4 bxc3 17. Qd3 Bb4 18. Ne3 0-0 19. a5 Bxa5 20. Nxd5 exd5 21. Ra4 Qf6 22. Be5 Qg6 23. Qf3 Rfd8 24. Bd3 Qe6 25. Bc2 Bb6 26. Rb1 Nxe5 27. dxe5 Bc5 28. Qxc3 Rac8 29. Qd3 g6 30. Rxa6 Qxe5 1/2-1/2

[Event "Paracin Orbis IM 4th"]
[Site "Paracin"]
[Date "2019.12.16"]
[Round "9"]
[White "Brankovic, Dejan"]
[Black "Dedebas, Emre Emin"]
[Result "1/2-1/2"]
[WhiteElo "2303"]
[BlackElo "2354"]
[PlyCount "50"]
[EventDate "2019.12.10"]
[EventType "tourn"]
[EventRounds "9"]
[EventCountry "SRB"]
[EventCategory "1"]
[SourceTitle "CBM 193 Extra"]
[Source "ChessBase"]
[SourceDate "2020.01.31"]
[SourceVersion "1"]
[SourceVersionDate "2020.01.31"]
[SourceQuality "1"]

1. Nf3 d5 2. g3 Nc6 3. d4 Bf5 4. Bg2 Nb4 5. Na3 e6 6. 0-0 h6 7. Bd2 Nc6 8. Nb1 Nf6 9. c4 Be7 10. Nc3 0-0 11. cxd5 exd5 12. Bf4 Ne4 13. Rc1 Nxc3 14. Rxc3 a5 15. Qa4 Ra6 16. Ne5 Nxe5 17. dxe5 Bb4 18. Rcc1 c6 19. a3 b5 20. Qb3 Be7 21. e4 dxe4 22. Rfd1 Qc8 23. h4 Bg4 24. Re1 Qe6 25. Qxe6 Bxe6 1/2-1/2

[Event "Vojvodina-chT"]
[Site "Kovacica"]
[Date "2019.11.06"]
[Round "8.1"]
[White "Sahin, Ozgun"]
[Black "Dedebas, Emre Emin"]
[Result "1/2-1/2"]
[WhiteElo "2258"]
[BlackElo "2345"]
[PlyCount "49"]
[EventDate "2019.11.01"]
[EventType "team-tourn"]
[EventRounds "11"]
[EventCountry "SRB"]
[SourceTitle "CBM 192 Extra"]
[Source "Chessbase"]
[SourceDate "2019.11.06"]
[SourceVersion "1"]
[SourceVersionDate "2019.11.06"]
[SourceQuality "1"]
[WhiteTeam "Petrovaradin Kraljica"]
[BlackTeam "Novi Sad Vojvodina"]
[WhiteTeamCountry "SRB"]
[BlackTeamCountry "SRB"]

1. e4 e6 2. d4 d5 3. exd5 exd5 4. Bd3 Nc6 5. c3 Bd6 6. Qf3 Be6 7. Ne2 Qd7 8. Bf4 Be7 9. Nd2 0-0-0 10. h4 Nf6 11. Qe3 Ng4 12. Qg3 f6 13. Nb3 g5 14. Bd2 Bd6 15. f4 gxh4 16. Qxh4 h5 17. 0-0-0 Ne7 18. Nc5 Bxc5 19. dxc5 Bf5 20. Be1 Bxd3 21. Rxd3 Nf5 22. Qh3 Qb5 23. Qf3 Qxc5 24. Nd4 Nxd4 25. Rxd4 1/2-1/2

[Event "Vojvodina-chT"]
[Site "Kovacica"]
[Date "2019.11.03"]
[Round "4.1"]
[White "Pastar, Slaven"]
[Black "Dedebas, Emre Emin"]
[Result "1/2-1/2"]
[WhiteElo "2280"]
[BlackElo "2345"]
[PlyCount "20"]
[EventDate "2019.11.01"]
[EventType "team-tourn"]
[EventRounds "11"]
[EventCountry "SRB"]
[SourceTitle "CBM 192 Extra"]
[Source "Chessbase"]
[SourceDate "2019.11.06"]
[SourceVersion "1"]
[SourceVersionDate "2019.11.06"]
[SourceQuality "1"]
[WhiteTeam "Cosic Opovo Bata"]
[BlackTeam "Novi Sad Vojvodina"]
[WhiteTeamCountry "SRB"]
[BlackTeamCountry "SRB"]

1. d4 Nf6 2. Nf3 e6 3. g3 d5 4. Bg2 Be7 5. 0-0 0-0 6. Nbd2 b6 7. c4 c6 8. b3 Nbd7 9. Bb2 Bb7 10. Rc1 Rc8 1/2-1/2

[Event "Vojvodina-chT"]
[Site "Kovacica"]
[Date "2019.11.01"]
[Round "1.1"]
[White "Rogac, Srdjan"]
[Black "Dedebas, Emre Emin"]
[Result "1/2-1/2"]
[WhiteElo "2332"]
[BlackElo "2345"]
[PlyCount "22"]
[EventDate "2019.11.01"]
[EventType "team-tourn"]
[EventRounds "11"]
[EventCountry "SRB"]
[SourceTitle "CBM 192 Extra"]
[Source "Chessbase"]
[SourceDate "2019.11.06"]
[SourceVersion "1"]
[SourceVersionDate "2019.11.06"]
[SourceQuality "1"]
[WhiteTeam "Mladenovo"]
[BlackTeam "Novi Sad Vojvodina"]
[WhiteTeamCountry "SRB"]
[BlackTeamCountry "SRB"]

1. d4 Nf6 2. Bf4 d5 3. e3 e6 4. Nd2 Bd6 5. Ngf3 Bxf4 6. exf4 Qd6 7. g3 0-0 8. Bd3 b6 9. Qe2 c5 10. c3 Nc6 11. 0-0 Bd7 1/2-1/2

[Event "Djenovici TS10 GM 3rd"]
[Site "Djenovici"]
[Date "2019.10.26"]
[Round "8"]
[White "Dedebas, Emre Emin"]
[Black "Mullick, Raahil"]
[Result "1/2-1/2"]
[WhiteElo "2355"]
[BlackElo "2399"]
[PlyCount "42"]
[EventDate "2019.10.19"]
[EventType "tourn"]
[EventRounds "9"]
[EventCountry "MNE"]
[EventCategory "6"]
[SourceTitle "CBM 192 Extra"]
[Source "Chessbase"]
[SourceDate "2019.11.06"]
[SourceVersion "1"]
[SourceVersionDate "2019.11.06"]
[SourceQuality "1"]

1. d4 d5 2. c4 c6 3. cxd5 cxd5 4. Bf4 Nf6 5. Nc3 Nc6 6. e3 a6 7. Be2 Bf5 8. Nf3 e6 9. Qb3 Bd6 10. Bxd6 Qxd6 11. Qxb7 0-0 12. Qb3 Rfb8 13. Qa3 Qxa3 14. bxa3 Ne4 15. Nxe4 Bxe4 16. 0-0 Rb2 17. Rfe1 f6 18. Bf1 Na5 19. Rec1 Rab8 20. Bxa6 Bb1 21. a4 Bxa2 1/2-1/2

[Event "Djenovici TS10 GM 3rd"]
[Site "Djenovici"]
[Date "2019.10.19"]
[Round "1"]
[White "Dedebas, Emre Emin"]
[Black "Damljanovic, Branko"]
[Result "0-1"]
[WhiteElo "2355"]
[BlackElo "2470"]
[PlyCount "62"]
[EventDate "2019.10.19"]
[EventType "tourn"]
[EventRounds "9"]
[EventCountry "MNE"]
[EventCategory "6"]
[SourceTitle "CBM 192 Extra"]
[Source "Chessbase"]
[SourceDate "2019.11.06"]
[SourceVersion "1"]
[SourceVersionDate "2019.11.06"]
[SourceQuality "1"]

1. d4 Nf6 2. c4 g6 3. Nc3 Bg7 4. e4 d6 5. Be2 0-0 6. Bg5 c6 7. Nf3 Nbd7 8. 0-0 e5 9. d5 h6 10. Be3 Qe7 11. Nd2 c5 12. a3 Ne8 13. b4 f5 14. f3 Ndf6 15. bxc5 dxc5 16. a4 a5 17. Rb1 Ra6 18. Nb3 b6 19. exf5 Bxf5 20. Rc1 e4 21. Qd2 exf3 22. Bxf3 Nh7 23. Rce1 Qd8 24. Bf4 Ra7 25. Nb5 Raf7 26. Bg3 Qd7 27. Nc3 Ng5 28. Be5 Bxe5 29. Rxe5 Nd6 30. Ree1 Nxc4 31. Qc1 Bd3 0-1

[Event "Barcelona Sants op 21st"]
[Site "Barcelona"]
[Date "2019.08.28"]
[Round "6"]
[White "Dedebas, Emre Emin"]
[Black "Vogel, Roven"]
[Result "1/2-1/2"]
[WhiteElo "2346"]
[BlackElo "2456"]
[PlyCount "33"]
[EventDate "2019.08.23"]
[EventType "swiss"]
[EventRounds "10"]
[EventCountry "ESP"]
[SourceTitle "EXT 2020"]
[Source "ChessBase"]
[SourceDate "2019.10.17"]
[SourceVersion "1"]
[SourceVersionDate "2019.10.17"]
[SourceQuality "1"]

1. d4 Nf6 2. c4 e6 3. Nf3 d5 4. Nc3 Be7 5. Bf4 0-0 6. e3 Nbd7 7. Be2 dxc4 8. Bxc4 a6 9. a4 c5 10. 0-0 cxd4 11. Qxd4 b6 12. Rfd1 Bb7 13. Be2 Bc5 14. Qd2 Bb4 15. Qd4 Bc5 16. Qd2 Ra7 17. Ne5 1/2-1/2

[Event "Marmaris Karya IM 8th"]
[Site "Marmaris"]
[Date "2019.08.01"]
[Round "8.1"]
[White "Sibashvili, Giorgi"]
[Black "Dedebas, Emre Emin"]
[Result "1-0"]
[WhiteElo "2389"]
[BlackElo "2301"]
[PlyCount "103"]
[EventDate "2019.07.29"]
[EventType "schev"]
[EventRounds "10"]
[EventCountry "TUR"]
[SourceTitle "CBM 191 Extra"]
[Source "ChessBase"]
[SourceDate "2019.09.30"]
[SourceVersion "1"]
[SourceVersionDate "2019.09.30"]
[SourceQuality "1"]
[WhiteTeam "Turkuaz"]
[BlackTeam "Blue Team"]
[WhiteTeamCountry "TUR"]
[BlackTeamCountry "TUR"]

1. d4 d5 2. Nf3 c5 3. e3 Nf6 4. dxc5 e6 5. b4 a5 6. c3 axb4 7. cxb4 b6 8. a4 bxc5 9. b5 Bd6 10. Bb2 0-0 11. Be2 Nbd7 12. Nbd2 Bb7 13. 0-0 Qc7 14. Qc2 h6 15. Rfd1 Rfe8 16. h3 Bf8 17. Bf1 Bd6 18. Bc3 e5 19. e4 d4 20. Bb2 Ra5 21. Re1 Nb6 22. Nc4 Nxc4 23. Bxc4 Nd7 24. Nd2 Nb6 25. Bb3 Qd7 26. Ra2 Rea8 27. Rea1 Qd8 28. Nc4 Nxc4 29. Bxc4 Bc7 30. Ra3 Qh4 31. Re1 Bb6 32. Rf3 Rf8 33. Bc1 Ra7 34. Qb3 Bc8 35. Bd2 Qd8 36. Rc1 Qc7 37. Bd5 Qd6 38. Qc4 Qd8 39. a5 Bxa5 40. Bxa5 Qxa5 41. Qxc5 Bb7 42. Bxb7 Rxb7 43. Qxe5 Qd2 44. Rb1 Rd8 45. Rg3 g6 46. Qf6 Rbd7 47. b6 Qc2 48. Rgb3 d3 49. b7 d2 50. b8Q d1Q+ 51. Rxd1 Rxd1+ 52. Kh2 1-0

[Event "Paracin IM 2nd"]
[Site "Paracin"]
[Date "2019.07.18"]
[Round "8"]
[White "Manish, Anto Cristiano F"]
[Black "Dedebas, Emre Emin"]
[Result "0-1"]
[WhiteElo "2208"]
[BlackElo "2301"]
[PlyCount "92"]
[EventDate "2019.07.13"]
[EventType "tourn"]
[EventRounds "9"]
[EventCountry "SRB"]
[EventCategory "2"]
[SourceTitle "CBM 191 Extra"]
[Source "ChessBase"]
[SourceDate "2019.09.30"]
[SourceVersion "1"]
[SourceVersionDate "2019.09.30"]
[SourceQuality "1"]

1. e4 e6 2. d4 d5 3. Nc3 Nf6 4. e5 Nfd7 5. f4 c5 6. Nf3 Nc6 7. Be3 Be7 8. Qd2 0-0 9. Be2 b6 10. 0-0 f5 11. exf6 Nxf6 12. Kh1 Bd6 13. Bg1 a6 14. Rae1 Qc7 15. Ne5 cxd4 16. Bxd4 Nxe5 17. fxe5 Bxe5 18. Bxe5 Qxe5 19. Bxa6 Qd6 20. Bd3 Bd7 21. Qg5 Rae8 22. Qh4 h6 23. Rf3 e5 24. Qg3 Bc6 25. Bf5 Re7 26. h3 Rd8 27. Qg6 Be8 28. Qg3 e4 29. Qxd6 Rxd6 30. Rff1 g6 31. Bc8 Kg7 32. Ba6 d4 33. Rd1 Nh5 34. Kh2 b5 35. Bc8 Rc6 36. Nxb5 Rxc8 37. Nxd4 Nf6 38. b3 Nd5 39. Rde1 Nb4 40. Rf4 e3 41. c4 Nd3 42. Rff1 Nxe1 43. Rxe1 Rd8 44. Nf3 Bc6 45. Kg3 Bxf3 46. Kxf3 Rf8+ 0-1